RTK Kanji Quiz 101-200 - Statistics

General Stats
  • This quiz has been taken 3 times
  • The average score is 64 of 100
Answer Stats
Hint Answer % Correct
Creek
100%
Curse
100%
Elder Brother
100%
Evening
100%
Eventide
100%
Few
100%
Icicle
100%
Large
100%
Little
100%
Mama
100%
Many
100%
Marsh
100%
Meadow
100%
Name
100%
Open Sea
100%
Outside
100%
Pierce
100%
Plane
100%
Ray
100%
Sand
100%
Smash
100%
Sniff
100%
Soup
100%
Spring
100%
State
100%
Stone
100%
Strange
100%
Stream
100%
Swim
100%
Thick
100%
Utensil
100%
Water
100%
Woman
100%
Anxiety
67%
Buddhist Temple
67%
Bury
67%
Character
67%
Complete
67%
Eternity
67%
Exquisite
67%
Extinguish
67%
Fire
67%
Fond
67%
Gland
67%
Hedge
67%
Horizon
67%
Inflammation
67%
Lake
67%
Level
67%
Likeness
67%
Lively
67%
Nitrate
67%
Obey
67%
Overcome
67%
Petition
67%
Plump
67%
Resemblance
67%
Rin
67%
River
67%
Same
67%
Seal
67%
Source
67%
Stinking
67%
Tide
67%
Time
67%
Ashes
33%
Black
33%
Black Ink
33%
But of Course
33%
Cape
33%
Carp
33%
Cleanse
33%
Den
33%
Disaster
33%
Farm
33%
Fathom
33%
Fish
33%
Fishing
33%
Focus
33%
Guard
33%
Illuminate
33%
Jealous
33%
Lamp
33%
Overnight
33%
Perfect
33%
Pressure
33%
Quantity
33%
Ri
33%
Soil
33%
Spit
33%
Spot
33%
Squared Jewel
33%
Thin
33%
Trunk
33%
Esteem
0%
Grains of Sand
0%
Inlay
0%
Pan-
0%
Proclaim
0%
Yonder
0%
No matching quizzes found
Score Distribution
Percent of People with Each Score
Percentile by Number Answered
Your Score History
You have not taken this quiz